| 000 | 00456nam a2200169Ia 4500 | ||
|---|---|---|---|
| 020 | _a9788126528950 | ||
| 082 |
_a630.33 _bCRA/AG |
||
| 100 |
_aCramer,Gail L _9917 |
||
| 245 | _aAgricultural economics and agribusiness | ||
| 250 | _a8 | ||
| 260 |
_aNew Delhi _bWiley India Pvt. Ltd _c2011 |
||
| 300 | _a519 | ||
| 650 |
_aConsumer behaviour and demand _91086 |
||
| 700 |
_aJensen,Clarence W _9918 |
||
| 700 |
_aSouthgate Jr., Douglas D _91087 |
||
| 942 | _cBK | ||
| 999 |
_c14623 _d14623 |
||